Missing Word: 1970s Song Titles Quiz Stats

Quiz Updated Oct 19, 2016

Also try: 1970s Lyric Match
Challenge
Share
Tweet
Embed
Score 0/20 Timer 03:00
7 Plays Today
Hint Answer % Correct
______ to HeavenStairway
95.8%
______ PieAmerican
95.4%
Play That ______ MusicFunky
95.1%
Stayin' ______Alive
94.6%
______ Over Troubled WaterBridge
92.7%
Go Your Own ______Way
92.1%
Dancing ______Queen
91.1%
I Will ______Survive
87.3%
______ Keep Fallin On My HeadRaindrops
87.1%
Bennie and the ______Jets
85.7%
Hint Answer % Correct
I Can See ______ NowClearly
83.6%
Let's Stay ______Together
81.7%
______ to the WorldJoy
79.4%
50 Ways to ______ Your LoverLeave
70.4%
(Don’t ______) The ReaperFear
70.3%
Rapper's ______Delight
59%
_______ Don’t CryBoys
58.1%
My ______Sharona
56.6%
Mr. Blue ______Sky
34.1%
______ Up In BlueTangled
32.3%

Today's Daily Dose

Missing Word
NPR Programs

Quick Pick
1991 Events

On This Day
June 18th II

You're not logged in!

Compare scores with friends on all Sporcle quizzes.
Join for Free
OR
Log In

You Might Also Like...

Show Comments

Extras

Top Quizzes Today


Score Distribution

Your Account Isn't Verified!

In order to create a playlist on Sporcle, you need to verify the email address you used during registration. Go to your Sporcle Settings to finish the process.

Report this User

Report this user for behavior that violates our Community Guidelines.

Details: